01326nam a22002537a 4500999001500000003000900015008004100024040007100065082001600136110003300152245007700185260004400262300003600306440005000342505045100392650002500843650002200868650001800890650002300908650001400931942001600945945000900961952010200970 c6514d6514AR-CdUCM190318b ||||| |||| 00| 0 spa d aMUNICIPALIDAD PROVINCIAL DEL CUSCOcBIBLIOTECA MUNICIPAL DEL CUSCO a080 /bSA18 aSalvat Editores, S.A.918368 aBiblioteca Salvat de Grandes Temas :bArte abstracto y arte figurativo / aEspañabSalvat Editores, S.A.,c1974. bIlustraciones en color,c20 cm. aBiblioteca Salvat de Grandes Temas n7918436 aContenido: 1. La contaminación, 2.Historia mundial desde 1939, 3.La formación de la tierra, 4. El nacimiento de un niño, 5.El cine, arte e industria, 6.Los átomos, 7.El arte abstracto y arte figurativo 8.El origen del hombre, 9.Las noticias y la información, 10.El sistema solar, 11.La pobreza en las grandes ciudades, 12.Nuevos rumbos del teatro, lingüística y significación, 14.La televisión, 15. La explosión demográfica aEnciclopedia 918213 aHumanidades 9641 aCultura 9126 aColección 92826 aArte9561 2ddccLIBROS admma 002ddc4070aSHbSHcCARTd2019-03-18g20.00o080 / SA18 / t.7pSH0000007438r2019-03-18yLIBROS